000 002470000a22000970004500
100 1 _aBray, Gerald
245 1 0 _aHell : Eternal punishment or total annihilaton?
300 _aVol. 10, Núm 2 (1992), Páginas 19-24
773 0 _tEvangel
942 _cANA
999 _c54254
_d54254